Statistics for Merged Country Shapes Quiz #3

Click here to take the quiz!

General Stats

  • This quiz has been taken 20,268 times
  • The average score is 22 of 32

Answer Stats

Country% Correct
India
99%
United Kingdom
98%
Ireland
97%
Chile
96%
Mexico
96%
Bangladesh
95%
Egypt
93%
Libya
92%
Bolivia
90%
Guatemala
89%
Kazakhstan
79%
Oman
79%
Yemen
79%
Iran
74%
Uzbekistan
74%
Afghanistan
73%
Ukraine
71%
Moldova
65%
Hungary
59%
Romania
59%
Rep. of Congo
52%
Georgia
51%
Azerbaijan
50%
Botswana
45%
Gabon
45%
Zimbabwe
45%
Cote d'Ivoire
44%
Guinea
44%
Uganda
39%
Guyana
37%
Rwanda
37%
Suriname
37%

Score Distribution

Percentile by Number Answered

Percent of People with Each Score

Your Score History

You have not taken this quiz